[Event "RUS-chT Blitz Men 2018"]
[Site "Sochi"]
[Date "2018.10.10"]
[Round "10"]
[White "Morozevich, Alexander"]
[Black "Rozum, Ivan"]
[Result "1-0"]
[WhiteElo "2656"]
[BlackElo "2573"]
[Annotator "TA"]
[PlyCount "71"]
[EventDate "2018.10.10"]
[EventType "swiss"]
[EventCountry "RUS"]
[SourceTitle "playchess.com"]
[Source "ChessBase"]
[SourceQuality "1"]

{[%evp 9,71,25,33,9,54,52,69,42,41,0,0,0,0,0,0,0,0,0,0,7,202,166,241,219,237,202,297,172,429,427,420,432,423,412,424,425,410,414,432,409,524,436,927,937,940,930,935,902,904,867,924,911,1561,1461,1380,1275,2057,1879,29981,29982,29975,2707,2173,2119]} 1. e4 d5 2. exd5 Qxd5 3. Nf3 g6 4. d4 Bg7 5. c4 (5. Be2 Nf6 6. O-O O-O 7. c4 Qd8 8. Nc3 Bg4 9. h3 Bxf3 10. Bxf3 Nc6 11. Be3 Ne8 12. d5 Ne5 13. c5 b6 14. Be2 bxc5 15. Bxc5 Nd6 16. Rc1 {½-½ (51) Matlakov,M (2738)-Artemiev,V (2696) Moscow 2017}) 5... Qd8 6. h3 {B01: Scandinavian Defence} c6 7. Nc3 Nh6 8. g4 {White is slightly better.} f5 $146 ({Predecessor:} 8... f6 9. Be3 Nf7 10. Qd2 Nd7 11. O-O-O a5 12. Kb1 a4 {1-0 (23) Teran Alvarez,I (2417)-Aranaz Portugues,J (2180) Espartinas 2007}) 9. Ne5 Nd7 10. g5 Nf7 11. Nxf7 Kxf7 12. Be3 Re8 13. f4 c5 14. dxc5 {next Bg2 is good for White.} e5 $2 {[#]} (14... Qa5 $1 $11 {and Black is okay.}) 15. Qd5+ $18 Kf8 (15... Re6 $142 16. fxe5 Qc7) 16. O-O-O Qe7 17. h4 h5 (17... Nb8 {was called for.} 18. Bg2 Nc6) 18. Rh2 (18. Bg2 $142) 18... exf4 $2 (18... Nb8 19. Qd6 Qxd6 20. Rxd6 (20. cxd6 exf4 21. Bxf4 Bxc3 $16) 20... exf4 21. Bxf4 Re1+ 22. Rd1 Rxd1+ 23. Kxd1 Nc6) 19. Bxf4 Be5 20. Bxe5 Qxe5 21. Re2 Qxd5 22. Rxe8+ ({Weaker is} 22. Nxd5 Rxe2 23. Bxe2 Nxc5 $18) ({Not} 22. Rxd5 a5 $18) (22. cxd5 Rxe2 23. Nxe2 Nxc5 $16) 22... Kxe8 23. Nxd5 Kf7 24. b4 {[%cal Bb2b4,Bb4b5][%mdl 32]} a5 25. b5 Nxc5 (25... Rb8 $142 26. Nf4 Nxc5) 26. Nb6 Rb8 27. Rd8 Ke6 28. Rxc8 Rxc8 29. Nxc8 f4 30. Bh3+ Ke5 31. Ne7 f3 32. Nxg6+ Kd4 33. Nf4 f2 34. g6 Ne4 35. g7 (35. Nxh5 $142 Kc3 36. g7 Nc5 37. g8=Q Nd3+ 38. Kd1 Kb4 39. Qd5 Nb2+ 40. Kc1) 35... Nf6 {[#]} 36. Nxh5 $1 {Precision: White = 71%, Black = 32%.} 1-0

[Event "RUS-chT Blitz Men 2018"]
[Site "Sochi"]
[Date "2018.10.10"]
[Round "10"]
[White "Rakhmanov, Aleksandr"]
[Black "Dubov, Daniil"]
[Result "0-1"]
[WhiteElo "2634"]
[BlackElo "2703"]
[Annotator "TA"]
[PlyCount "103"]
[EventDate "2018.10.10"]
[EventType "swiss"]
[EventCountry "RUS"]
[SourceTitle "playchess.com"]
[Source "ChessBase"]
[SourceQuality "1"]

{[%evp 12,103,36,-4,-12,-11,-8,-9,-5,-7,-10,-38,0,-32,-30,-35,-12,-49,-52,-62,-48,-46,-17,-78,0,-56,0,-78,-74,-69,-76,-77,-41,-95,-91,-80,-64,-123,-130,-213,-193,-224,-221,-882,-858,-1196,-1180,-1023,-287,-286,-282,-279,-291,-285,-294,-281,-266,-248,-79,-92,-13,-18,31,32,25,-78,-7,-7,-23,-10,-20,0,0,-39,-20,-52,-33,-144,-144,-144,-145,-139,-126,-129,-87,-182,-129,-401,-399,-452,-375,-1158,-1031,-1689]} 1. d4 Nf6 2. Nf3 c5 3. c3 d5 4. Bf4 cxd4 5. cxd4 Qb6 6. Qb3 Nc6 7. Nc3 Qxb3 {D13: Slav Defence: Exchange variation without ...Bf5} 8. axb3 e6 9. e3 Bb4 {The position is equal.} 10. Bb5 Bd7 11. Ke2 Nh5 $146 ({Predecessor:} 11... Ke7 12. Ra4 a5 13. Raa1 Rhc8 14. Rhc1 Na7 15. Bd3 {½-½ (27) Leitao,R (2475)-Baklan,V (2525) Groningen 1996}) 12. Bg3 Nxg3+ 13. hxg3 Ke7 14. Bd3 h6 15. g4 Rac8 16. Na2 Bd6 17. Nc3 (17. b4 $1 $11) 17... Bb4 18. Na2 Bd6 19. Nc3 a6 20. Ne1 Nb4 21. Bb1 e5 22. f3 (22. Bf5 $15) 22... exd4 $17 23. exd4 Rhe8 24. Nd3 ({White should play} 24. Kf2 $1 $15) 24... Nc6 $36 {[%mdl 2048] Keeping White busy.} 25. Nxd5+ (25. Ra4 $17 {was called for.}) 25... Kf8+ $19 26. Kf2 Nxd4 27. g5 $2 (27. Nc1) 27... Re2+ 28. Kf1 Bg3 29. Nc3 Rxb2 $2 (29... Rd2 {( -> ...Rxc3!)} 30. Rh3 Bxh3 31. gxh3 Nf5) 30. Nxb2 {Threatens to win with Nbd1.} Rxc3 31. Bd3 Rxb3 32. gxh6 gxh6 33. Rb1 Kg7 34. Rh5 f5 $2 (34... Bb5 $19 35. Bxb5 Nxb5) 35. Rh3 $17 Be5 (35... Bc7 $17 36. Rh4 f4) 36. Nc4 $1 $11 {[%cal Rc4e5]} Rxd3 37. Nxe5 Bb5 38. Kg1 (38. Kf2 $11 {remains equal.} Rc3 39. Rb2) 38... Re3 ({Better is} 38... Ne2+ $1 $17 39. Kf2 Rd5) 39. f4 Ne2+ 40. Kf2 Rxh3 41. gxh3 {And now Rxb5! would win.} Nxf4 {[%mdl 4096] Endgame KRN-KBN} 42. h4 Kf6 43. Nf3 Ne6 $1 44. Ke3 {[#]} (44. Rg1 $15) 44... f4+ $1 $17 45. Kf2 Bc6 46. Nd2 a5 {[%cal Ba6a5,Ba5a4,Ba4a3,Ba3a2][%mdl 32]} 47. Nc4 a4 48. Na5 {[#]} Bd5 $1 {Strongly threatening ...a3.} 49. Nxb7 $2 {[%mdl 8192]} (49. Rb5 $17 {was the only chance.} Ke5 50. Nc4+ Kd4 51. Na3) 49... a3 $19 {Hoping for ...a2.} 50. Nd6 a2 51. Rd1 $2 {[#]} (51. Ra1 Nd4 52. Ne4+ Bxe4 53. Rxa2) 51... Nd4 $1 {[%mdl 512]} 52. Rc1 {Precision: White = 38%, Black = 41%.} (52. Rxd4 a1=Q) 0-1

[Event "RUS-chT Blitz Men 2018"]
[Site "Sochi"]
[Date "2018.10.10"]
[Round "10"]
[White "Ponkratov, Pavel"]
[Black "Paravyan, David"]
[Result "1/2-1/2"]
[WhiteElo "2628"]
[BlackElo "2629"]
[Annotator "TA"]
[PlyCount "104"]
[EventDate "2018.10.10"]
[EventType "swiss"]
[EventCountry "RUS"]
[SourceTitle "playchess.com"]
[Source "ChessBase"]
[SourceQuality "1"]

{[%evp 29,104,12,28,28,31,31,24,29,25,28,36,31,42,12,0,12,68,59,59,60,70,59,59,59,59,58,58,64,65,64,62,59,58,35,85,85,85,85,85,85,85,85,85,85,85,85,137,137,137,137,137,137,137,137,137,137,137,137,137,137,137,137,137,137,137,137,137,137,137,137,137,137,137,8,8,8,8]} 1. d4 d5 2. c4 c6 3. Nf3 Nf6 4. Nc3 dxc4 5. a4 Bf5 6. Ne5 Nbd7 7. Nxc4 Qc7 8. g3 e5 9. dxe5 Nxe5 10. Bf4 Nfd7 11. Bg2 f6 12. O-O Rd8 13. Qc1 {D17: Slav Defence: 5 a4 Bf5: Lines with 6 Nh4 and 6 Ne5} Be6 14. Nxe5 (14. Ne4 Bb4 15. a5 O-O 16. a6 b5 17. Na3 Qb6 18. Be3 c5 19. Nc2 Nc4 20. Nxb4 Nxe3 21. Nxc5 Nxg2 22. Nxd7 Rxd7 23. Kxg2 {½-½ (111) Giri,A (2690)-Hector,J (2588) Malmo 2011}) 14... Nxe5 15. Qe3 Qb6 {LiveBook: 3 Games} (15... a5 {feels hotter.} 16. Rfd1 Rxd1+ 17. Rxd1 Bb4 18. Bxe5 fxe5 19. Ne4 O-O) 16. Qxb6 axb6 17. Bxe5 fxe5 18. a5 $1 {[%cal Ra5a6]} bxa5 19. Rxa5 Bd6 20. Ne4 $146 ({Predecessor:} 20. Ra7 Bc8 {½-½ (53) Boehme,M (1937)-Seibold,H (2165) Nuremberg 2016}) 20... Bc7 21. Ra4 Ke7 22. Nc5 Rd4 (22... Bc8 $11) 23. Rxd4 $14 exd4 24. Nxb7 Bc4 25. Bxc6 {Black must now prevent Be4.} Bxe2 26. Re1 d3 {[#] aiming for ...Rb8.} 27. Bf3 Rb8 {Threatens to win with ...Kf6.} 28. Bxe2 d2 29. Rd1 Rxb7 30. Rxd2 {[%mdl 4096] Endgame KRB-KRB} Be5 31. Bd3 (31. Rd5 {seems wilder.} Bxb2 32. f4 Ke6 33. Rd1 Ba3 34. Kf2) 31... Rxb2 32. Rxb2 Bxb2 33. Bxh7 {KB-KB} g5 34. Kg2 Kf6 35. Bd3 Bd4 36. f3 Kg7 37. Kh3 Kh6 (37... Bg1 $142) 38. Kg4 $16 Bf6 39. Kf5 Bd8 40. Bf1 Bc7 41. h4 gxh4 42. g4 ({Of course not} 42. gxh4 $6 Kh5 $11) 42... Bh2 43. f4 Kg7 44. g5 Bg1 45. Kg4 Bc5 46. Kxh4 Bd6 {[#]} 47. Kg4 $1 Bc7 48. f5 Bd8 49. Kf4 Be7 50. Bc4 Bd8 51. f6+ (51. Kg4 $16) 51... Bxf6 $1 $11 52. gxf6+ Kxf6 {Precision: White = 79%, Black = 74%.} 1/2-1/2

[Event "RUS-chT Blitz Men 2018"]
[Site "Sochi"]
[Date "2018.10.10"]
[Round "10"]
[White "Grachev, Boris"]
[Black "Triapishko, Alexandr"]
[Result "1/2-1/2"]
[WhiteElo "2626"]
[BlackElo "2508"]
[Annotator "TA"]
[PlyCount "108"]
[EventDate "2018.10.10"]
[EventType "swiss"]
[EventCountry "RUS"]
[SourceTitle "playchess.com"]
[Source "ChessBase"]
[SourceQuality "1"]

{[%evp 10,108,0,0,8,-9,-16,-16,-21,-42,-18,-44,-42,-38,-17,-37,1,-2,0,0,0,-1,20,0,6,-2,22,16,29,26,30,2,15,7,27,0,12,-68,5,0,7,3,24,22,20,22,34,14,14,14,164,164,274,164,165,164,164,152,152,152,156,164,165,165,171,155,175,125,125,106,107,93,104,104,202,193,184,130,235,80,355,129,129,129,129,129,129,115,118,118,105,0,81,47,47,43,47,21,21,21,106]} 1. d4 d5 2. Bf4 c5 3. e3 Nc6 4. c3 Qb6 5. Qc2 (5. Qb3 Nf6 6. Nd2 c4 7. Qc2 Nh5 8. Bg5 h6 9. Bh4 g5 10. Be2 Ng7 11. Bg3 Bf5 12. Qc1 e6 {1-0 (41) Carlsen,M (2832)-So,W (2812) Leuven 2017}) 5... Nf6 6. Nd2 {LiveBook: 14 Partien. D00: Damenbauernspiele} Nh5 {[%cal Rc5d4]} 7. Bg3 g6 8. Ngf3 Bg7 $146 ({Vorgänger:} 8... Nxg3 9. hxg3 Bg7 10. Rd1 O-O 11. Be2 e5 12. dxe5 Nxe5 13. Nxe5 Bxe5 {0-1 (53) Pezerovic,E (2413)-Heberla,B (2558) Graz 2015}) 9. Be2 O-O 10. O-O Nxg3 11. hxg3 cxd4 12. exd4 e5 (12... f6 {looks sharper.} 13. c4 Nxd4 14. Nxd4 Qxd4 15. Nb3 Qb6) 13. dxe5 Nxe5 14. Nxe5 Bxe5 15. Qb3 Qxb3 16. axb3 Bf6 17. Nf3 Bf5 18. Rfd1 Rfd8 19. Nd4 Be6 20. Bf3 a6 21. Rd3 Rd6 22. Rad1 Rad8 23. Ne2 (23. b4 $11) 23... g5 (23... d4 $1 $15 24. cxd4 Rb6) 24. g4 h6 25. Nd4 b6 26. b4 {[%cal Bb3b4,Bb4b5,Bb5c6][%mdl 32]} a5 27. b5 Bd7 28. Nc6 Bxc6 29. bxc6 d4 (29... Rxc6 $11 {und Schwarz ist OK.} 30. Bxd5 (30. Rxd5 Rxd5 31. Rxd5 Re6 $11) 30... Rcc8) 30. cxd4 $18 Kf8 (30... Rc8 {war angesagt.} 31. d5 a4) 31. d5 (31. c7 $142 Rc8 32. Rc3) 31... Rc8 32. Rb3 Bd8 33. Re1 Bc7 34. g3 Ra8 35. Kg2 Rf6 36. Ra1 Re8 37. Rd3 Ke7 38. Re1+ Kd8 39. Rxe8+ Kxe8 $16 {[%mdl 4096] Endspiel KTL-KTL} 40. Rd1 Ke7 41. Re1+ Kd6 (41... Kd8 $16 42. Be2 Rd6) 42. Re8 $18 b5 43. Ra8 (43. Be4 $18) 43... a4 {[#]} (43... Kc5 $16 {war einen Versuch wert.} 44. Ra7 Kd6) 44. Ra6 $2 (44. Be4 $1 $18) 44... Kc5 $2 {[%mdl 8192] [#]} (44... Rg6 $16 {war nötig.}) 45. Ra7 $2 (45. Be4 $1 $18 {ist der präzise Gewinnweg.}) 45... Kd6 $16 46. Rb7 {Schwarz muss nun Le4 beachten.} Rg6 47. Rxb5 Rg8 48. Rb4 Ra8 49. Rb7 Ra6 50. Rb4 ({Lieber} 50. Be2 $16 Rb6 51. Bd1) 50... Rb6 (50... Ra8 $1 $11 {bleibt in der Remisbreite.}) 51. Rxa4 {zielt auf b4 ab.} Rxb2 52. Re4 Bb6 53. Re2 Rxe2 54. Bxe2 f6 {Precision: Weiß = 34%, Schwarz = 24%.} (54... Kxd5 $11 55. Bf3+ Ke5) 1/2-1/2

[Event "RUS-chT Blitz Men 2018"]
[Site "Sochi"]
[Date "2018.10.10"]
[Round "10"]
[White "Oparin, Grigoriy"]
[Black "Shkurkin, Andrey"]
[Result "1-0"]
[WhiteElo "2624"]
[BlackElo "2201"]
[Annotator "TA"]
[PlyCount "70"]
[EventDate "2018.10.10"]
[EventType "swiss"]
[EventCountry "RUS"]
[SourceTitle "playchess.com"]
[Source "ChessBase"]
[SourceQuality "1"]

{[%evp 16,70,14,0,20,0,16,0,16,19,13,4,13,7,16,3,37,-8,0,-19,6,-10,0,-134,-37,-80,-40,-31,-42,-75,-91,-83,99,102,109,94,121,130,225,197,214,200,231,229,242,253,262,183,285,284,364,364,483,400,452,340,362]} 1. Nf3 c5 2. c4 Nc6 3. d4 cxd4 4. Nxd4 g6 5. e4 Bg7 6. Nc2 d6 7. Be2 Be6 {B37: Sicilian: Maroczy Bind with 5...Bg7, sidelines} (7... Nf6 8. Nc3 O-O 9. O-O Be6 10. Bd2 Nd7 11. Rc1 Nc5 12. b4 Bxc3 13. Bxc3 Nxe4 14. Ba1 a5 15. b5 Ne5 16. Qd4 Nf6 17. Ne3 Ned7 18. Bf3 {1-0 (33) Aronian,L (2785)-Flores,D (2579) Doha 2016}) 8. O-O Rc8 9. Ne3 {LiveBook: 15 Games} Ne5 {[%cal Re5c4] The position is equal.} 10. Nd2 $146 ({Predecessor:} 10. Qb3 Qd7 11. Nc3 Nf6 12. Ned5 O-O 13. Be3 b6 14. f3 Rfe8 15. a4 {1-0 (39) Morozevich,A (2676)-Shkurkin,A (2191) Sochi 2017}) 10... Nf6 11. Rb1 O-O 12. b3 Qa5 13. a3 {[%cal Ba2a3,Ba3a4][%mdl 32]} a6 14. a4 Nc6 15. Bb2 Nd7 16. Ba3 Nb4 17. Kh1 Qb6 18. Nf3 a5 19. Nc2 {[#]} (19. Ng5 $11 {keeps the balance.}) 19... Nc5 (19... Na2 $1 $17 20. Ne3 Nc3) 20. Nd2 f5 {And now ...Na2 would win.} 21. Bxb4 axb4 22. Bf3 f4 23. Bg4 Qc6 $2 {[#]} (23... Bxg4 $17 {stays on course.} 24. Qxg4 e6) 24. Bxe6+ $16 Nxe6 25. Nxb4 Qd7 26. Nd5 Rc5 (26... Rce8 $16 {keeps fighting.} 27. a5 Nc5) 27. Nf3 {[%cal Bd2f3,Bf3g5,Bg5e6][%mdl 32]} Nc7 28. Re1 Nxd5 29. exd5 Rcc8 30. Qd3 Rf6 31. Ng5 Rcf8 (31... Qf5 $142 32. Qxf5 Rxf5) 32. Ne6 R8f7 33. f3 h6 34. Re4 g5 35. Rf1 b6 {Precision: White = 44%, Black = 18%.} 1-0

[Event "RUS-chT Blitz Men 2018"]
[Site "Sochi"]
[Date "2018.10.10"]
[Round "10"]
[White "Alekseev, Evgeny"]
[Black "Bocharov, Dmitry"]
[Result "1/2-1/2"]
[WhiteElo "2620"]
[BlackElo "2557"]
[Annotator "TA"]
[PlyCount "91"]
[EventDate "2018.10.10"]
[EventType "swiss"]
[EventCountry "RUS"]
[SourceTitle "playchess.com"]
[Source "ChessBase"]
[SourceQuality "1"]

{[%evp 14,91,9,15,52,43,29,25,25,20,10,27,27,2,70,72,120,115,137,119,118,63,137,110,106,110,112,97,100,52,118,113,116,118,164,113,177,155,147,129,119,103,98,56,73,31,49,0,22,-44,-46,-59,-53,-135,-135,-123,-126,-102,0,-124,-119,-127,-119,-136,589,-192,-200,-193,-193,-156,-174,-169,-108,-83,-75,-75,-75,-72,-24,-123]} 1. e4 g6 2. d4 Bg7 3. Nf3 d6 4. Bd3 Nf6 5. O-O O-O 6. Re1 Nc6 {B07: Pirc Defence: Miscellaneous Systems} 7. d5 Nb4 (7... Nb8 8. h3 Nbd7 9. c4 Nc5 10. Bc2 a5 11. Nc3 e5 12. Bg5 Qe8 13. Nb5 Qe7 14. b3 {1-0 (46) Grischuk,A (2750)-Carlsen,M (2832) chess.com INT 2017}) 8. Bf1 {LiveBook: 17 Games} c6 {[%cal Rc6d5] The position is equal.} 9. a3 Na6 $1 10. dxc6 $146 ({Predecessor:} 10. Nc3 Nc5 11. h3 a5 12. Bg5 cxd5 13. exd5 Bd7 14. Rb1 {1-0 (63) Bogner,S (2590)-Hickl,J (2628) Switzerland 2014}) 10... bxc6 11. e5 Nd5 12. c4 Nb6 13. exd6 exd6 (13... Qxd6 $11 14. Qxd6 exd6) 14. Bg5 $14 f6 15. Bf4 d5 16. Nc3 dxc4 {[#]} 17. Nd2 (17. Bxc4+ $1 $16 {[%mdl 512]} Nxc4 18. Qb3) 17... g5 ({Black should try} 17... Nc5 $14) 18. Bg3 f5 {Threatens to win with ...f4.} 19. Be5 $36 {[%mdl 2048] Black is under strong pressure.} ({Weaker is} 19. Nxc4 Qxd1 20. Raxd1 f4 $17) 19... Bxe5 20. Rxe5 Qf6 21. Nxc4 Nc7 (21... Be6 $14 22. Nxb6 axb6) 22. Qd6 $16 Qxd6 23. Nxd6 Bd7 24. Rd1 (24. Bd3 $18) 24... Rad8 (24... Rf6 $16 25. Nc4 Nbd5 26. Nxd5 Nxd5) 25. Ra5 Ra8 {[%cal Bd8a8,Ba8b8,Bb8b2][%mdl 32]} 26. a4 Kg7 27. Re5 Kf6 28. Ree1 Nbd5 29. Bc4 {[%cal Rc4d5]} (29. Ndb5 $5 cxb5 30. Nxd5+ Nxd5 31. Rxd5 $16) 29... Be6 30. Bf1 Rab8 31. Rd2 (31. g4 $11) 31... Rfd8 $15 32. Nc4 Nxc3 33. bxc3 (33. Rxd8 $15 Rxd8 34. bxc3) 33... Rxd2 $17 34. Nxd2 Rb2 35. Nf3 Bd5 (35... Rc2 $17 36. Rb1 Nd5) 36. Nd4 (36. Ne5 $11) 36... Ne6 37. Nxe6 Bxe6 {[%mdl 4096] Endgame KRB-KRB} 38. f3 Ra2 $2 {[%mdl 8192] [#]} (38... a5 $17 {stays on course. And now ...Rc2 would win.} 39. Rd1 Rb3) 39. Rb1 $4 {[%mdl 8192]} (39. Rxe6+ $1 $18 {[%mdl 512] was the only winning move.} Kxe6 40. Bc4+ Kd6 41. Bxa2) 39... Rxa4 $19 40. Rb7 Ra1 41. Kf2 Ra2+ 42. Ke1 h5 ({Better is} 42... a5 $19 43. Rc7 Ra1+ 44. Kf2 Ra2+ 45. Ke1 Ra1+ 46. Kf2 Ra2+ 47. Kg1 Ke5 48. Rxc6 Ra1) 43. Rc7 $17 Bd5 44. c4 Be6 45. Rxc6 Ke5 46. Rc7 {Precision: White = 38%, Black = 43%.} (46. g3 $11 {keeps the balance.}) 1/2-1/2

[Event "RUS-chT Blitz Men 2018"]
[Site "Sochi"]
[Date "2018.10.10"]
[Round "10"]
[White "Romanov, Evgeny"]
[Black "Kezin, Roman"]
[Result "0-1"]
[WhiteElo "2614"]
[BlackElo "2471"]
[Annotator "TA"]
[PlyCount "87"]
[EventDate "2018.10.10"]
[EventType "swiss"]
[EventCountry "RUS"]
[SourceTitle "playchess.com"]
[Source "ChessBase"]
[SourceQuality "1"]

{[%evp 15,87,0,0,-9,-14,-63,-17,-14,-9,-23,-41,-60,-64,-193,-212,-254,-12,-64,-38,-43,-56,-61,-44,-100,-89,-74,-88,-89,-87,-134,-117,-153,-139,-172,-147,-144,-144,-225,-214,-228,-193,-344,-332,-490,-484,-447,-456,-595,-584,-586,-583,-556,-283,-416,-345,-311,-302,-463,-454,-640,-8,-566,-10,0,0,-237,-252,-624,-623,-1429,-1368,-1183,-1187,-29984]} 1. c4 e6 2. g3 d5 3. Bg2 Nf6 4. d4 Be7 5. Nf3 O-O 6. Qc2 c5 7. dxc5 d4 {E06: Closed Catalan: Early deviations} 8. O-O Nc6 {LiveBook: 16 Games} 9. Nbd2 (9. a3 a5 10. Rd1 Bxc5 11. Nc3 e5 12. Nd5 h6 13. Bd2 Bd6 14. e3 Bg4 15. h3 Bh5 {1-0 (39) Wei,Y (2729)-So,W (2780) chess.com INT 2018}) 9... e5 $146 {The position is equal.} ({Predecessor:} 9... Bxc5 10. Nb3 Qb6 11. Nxc5 Qxc5 12. a3 a5 13. Bd2 a4 14. Ne1 e5 15. Nd3 Qe7 16. Nb4 e4 17. Nd5 Nxd5 18. cxd5 {½-½ (44) Popov,M (2280)-Aliyev,R (2213) Minsk 2015}) 10. Ng5 Bxc5 11. Nde4 Nxe4 12. Qxe4 {[%csl Gg5][%cal Re4h7]} g6 13. Qh4 {[%csl Gg5][%cal Rh4h7]} h5 14. Ne4 {[#]} ({White has to play} 14. Qe4 $1 $15) 14... Be7 $1 $19 {[%cal Re7h4]} 15. Bg5 {[#]} Bxg5 $2 (15... f6 $1 $19 {[%cal Rf6g5]} 16. Bh6 Rf7) 16. Nxg5 (16. Qxg5 $11 Qxg5 17. Nxg5) 16... Kg7 {...f6 is the strong threat.} (16... f6 $5 {[%cal Rf6g5]} 17. Bd5+ Kg7 18. Ne6+ Bxe6 19. Bxe6 d3 20. exd3 Nd4 $17) 17. f4 f6 {[%cal Bf7f6,Bf6f5][%mdl 32]} 18. Ne4 f5 {aiming for ...Qxh4.} 19. Qxd8 (19. Ng5 $15) 19... Rxd8 $17 20. Ng5 e4 21. Rfd1 a5 22. Rd2 Kf6 23. h3 Be6 24. Rc1 Bg8 25. g4 a4 26. gxh5 (26. Kh2 $17) 26... gxh5 $19 27. h4 Na5 28. Rdc2 $2 (28. Rcd1) 28... Rac8 29. Bh3 (29. b3 $142) 29... Rxc4 30. Rxc4 Bxc4 ({Not} 30... Nxc4 31. b3 $19) 31. Kf2 d3 32. exd3 exd3 33. Nf3 Rd5 34. a3 (34. Ra1 {might work better.}) 34... Bb3 35. Nd2 Bc2 36. Rg1 (36. Re1 $142 Nb3 37. Ke3) 36... Nb3 37. Ke3 (37. Bg2 $142 Rd8 38. Nxb3 Bxb3 39. Bf3) 37... Rd7 $2 ({Better is} 37... Rd6 $19 38. Bxf5 Nxd2 39. Rg6+ Kxf5 40. Rg5+ Kf6 41. Kxd2 Rd4 42. Rxh5 Rxf4) 38. Nxb3 $2 {[%mdl 8192]} (38. Ne4+ $1 $11 fxe4 39. Bxd7) 38... axb3 $2 $11 {[%mdl 4096] Endgame KRB-KRB} ({Less strong is} 38... Bxb3 39. Kd2 $17) (38... Re7+ $19 39. Kf3 Bxb3) 39. Kd2 Re7 {White must now prevent ...Re2+.} 40. Bf1 $2 (40. Re1 $11 Rc7 41. Re5) 40... Re4 $19 41. Rg5 $2 (41. Bxd3 Rxf4 42. Bxc2 bxc2 43. Rh1) 41... Rxf4 {Threatens to win with ...Rf2+.Black is clearly winning.} 42. Bg2 Rf2+ 43. Kc3 d2 44. Kd4 {Precision: White = 23%, Black = 52%.} 0-1

[Event "RUS-chT Blitz Men 2018"]
[Site "Sochi"]
[Date "2018.10.10"]
[Round "10"]
[White "Indjic, Aleksandar"]
[Black "Gogolev, Artem"]
[Result "1-0"]
[WhiteElo "2604"]
[BlackElo "2389"]
[Annotator "TA"]
[PlyCount "109"]
[EventDate "2018.10.10"]
[EventType "swiss"]
[EventCountry "RUS"]
[SourceTitle "playchess.com"]
[Source "ChessBase"]
[SourceQuality "1"]

{[%evp 14,109,41,26,46,40,120,0,92,104,102,106,312,197,228,222,196,211,400,401,497,509,498,179,127,-155,-160,-486,-480,-488,-491,-453,-449,-438,-429,-490,-303,-303,-278,-415,-405,-535,-500,-878,-653,-791,-589,-626,-556,-540,-562,-651,-497,-448,-329,-345,-329,-975,-151,-130,-121,-157,-73,-216,0,0,0,0,0,0,0,2,25,32,25,25,17,28,34,37,62,51,54,32,43,31,13,0,0,13,12840,12840,12848,12848,12849,12849,12850,12848]} 1. d4 Nf6 2. c4 e6 3. Nc3 Bb4 4. Qc2 c5 5. dxc5 O-O 6. a3 Bxc5 7. Nf3 b6 8. Bg5 Be7 {E39: Nimzo-Indian: Classical: 4...c5 5 dxc5 0-0} (8... h6 9. Bh4 Be7 10. e3 Bb7 11. Be2 d6 12. O-O a6 13. Rfd1 Qc7 14. Rac1 Nbd7 15. Nd2 Ne5 16. Bg3 {0-1 (48) Fodor,T (2490)-Banusz,T (2595) Hungary 2015}) 9. e4 {[%cal Be2e4,Be4e5][%mdl 32]} d6 ({Better is} 9... Nc6 $14) 10. O-O-O (10. e5 $16 Nd5 11. Ne4 (11. cxd5 Bxg5 12. Bc4 Ba6 $18) (11. Bxe7 Nxe7 12. Bd3 h6 $16)) 10... Bb7 $146 (10... Nbd7 $11 {remains equal.}) ({Predecessor:} 10... Nbd7 11. e5 dxe5 12. Nxe5 Qc7 13. Nxd7 Bxd7 14. Kb1 Bc6 15. h4 a6 16. Rh3 {1-0 (35) Miton,K-Rapp,R (2350) Wiesbaden 1990}) 11. e5 $16 {exd6 is the strong threat.} Ne8 12. h4 {[%cal Bh2h4,Bh4h5][%mdl 32]} d5 $2 (12... h6 $16 {keeps fighting.}) 13. Rh3 Nd7 14. Bd3 g6 15. Bh6 Ng7 $2 {[#]} (15... d4) 16. h5 $1 $18 {[%mdl 512]} Nxe5 (16... gxh5 17. Rg3) 17. Nxe5 Bg5+ 18. Bxg5 $2 (18. Kb1 Bxh6 19. hxg6 fxg6 20. Rxh6) 18... Qxg5+ 19. Re3 $2 {[%mdl 8192]} (19. Qd2 $16 {and life is bright.} Qxe5 20. Re1) 19... d4 $17 {[%cal Bd5d4,Bd4e3][%mdl 32]} 20. g3 $2 (20. hxg6 $17 {nothing else works.} hxg6 21. Nxf7 Rxf7 22. Bxg6 dxe3 23. Bxf7+ Kxf7 24. fxe3) 20... dxe3 $19 21. f4 Qxg3 22. Ne2 Qh4 23. hxg6 fxg6 24. Rg1 Nf5 25. Qc3 {Threatens to win with Bxf5.} Qf6 26. Kb1 (26. Bxf5 $142 exf5 27. Qxe3) 26... Rad8 27. Bc2 Rd2 28. Re1 (28. Ng3 $142 Nxg3 29. Rxg3) 28... Rfd8 29. Ka2 b5 30. Bxf5 exf5 ({Not} 30... gxf5 $2 31. Rg1+ Qg7 32. Nf7 $18) 31. Qxe3 bxc4 {Strongly threatening ...c3!} 32. Qxa7 Bd5 {( -> ...c3+)} 33. Nc3 Bf7 34. Ka1 Rf8 35. Nd7 $2 (35. Nf3 Rd3 36. Ne5) 35... Rxd7 $2 (35... Qh4 $19 {and Black stays clearly on top.} 36. Rd1 Rxd1+ 37. Nxd1 Rd8) 36. Qxd7 $17 h5 37. Qc7 h4 (37... Qd8 $142 38. Qb7 Re8) 38. Qc5 {[#]} (38. Rh1 $17) 38... h3 $2 ({Black should play} 38... Rd8 $1 $19 {aiming for ...h3.} 39. Qc7 Rd3) 39. Rh1 $11 Qh4 40. Qe3 $1 h2 41. Qd2 Re8 42. Rxh2 Re1+ 43. Ka2 Qg3 44. Qf2 Qxf2 45. Rxf2 {[%mdl 4096] Endgame KRB-KRN} Kg7 46. a4 {[%cal Ba3a4,Ba4a5][%mdl 32]} Kf6 47. Ka3 g5 $1 48. fxg5+ Kxg5 49. a5 f4 50. Ne2 {White wants to play Kb4.} f3 51. Nd4 Bd5 $2 {[%mdl 8192]} (51... Re3+ $11 52. Kb4 Bd5) 52. Nxf3+ $18 {White is clearly winning.} Bxf3 53. Rxf3 Ra1+ 54. Kb4 Rb1 55. Rf2 {Precision: White = 33%, Black = 33%.} 1-0